Economics and computation : (Record no. 22812)
[ view plain ]
| 000 -LEADER | |
|---|---|
| fixed length control field | 01875cam a22003855a 4500 |
| 001 - CONTROL NUMBER | |
| control field | 017534159 |
| 003 - CONTROL NUMBER IDENTIFIER | |
| control field | Uk |
| 005 - DATE AND TIME OF LATEST TRANSACTION | |
| control field | 20201128023932.0 |
| 008 - FIXED-LENGTH DATA ELEMENTS--GENERAL INFORMATION | |
| fixed length control field | 150828s2016 gw a frb 001|0|eng|d |
| 015 ## - NATIONAL BIBLIOGRAPHY NUMBER | |
| National bibliography number | GBB5C1957 |
| Source | bnb |
| 016 7# - NATIONAL BIBLIOGRAPHIC AGENCY CONTROL NUMBER | |
| Record control number | 017534159 |
| Source | Uk |
| 020 ## - INTERNATIONAL STANDARD BOOK NUMBER | |
| International Standard Book Number | 3662479036 |
| 020 ## - INTERNATIONAL STANDARD BOOK NUMBER | |
| International Standard Book Number | 9783662479032 |
| 040 ## - CATALOGING SOURCE | |
| Original cataloging agency | StDuBDS |
| Language of cataloging | eng |
| Transcribing agency | StDuBDS |
| Modifying agency | EG-ScBUE |
| 082 04 - DEWEY DECIMAL CLASSIFICATION NUMBER | |
| Edition number | 22 |
| Classification number | 330.0151 |
| Item number | ECO |
| 245 00 - TITLE STATEMENT | |
| Title | Economics and computation : |
| Remainder of title | an introduction to algorithmic game theory, computational social choice, and fair division / |
| Statement of responsibility, etc | illustrated by Irene Rothe ; edited by Jörg Rothe. |
| 260 ## - PUBLICATION, DISTRIBUTION, ETC. (IMPRINT) | |
| Place of publication, distribution, etc | Heidelberg : |
| Name of publisher, distributor, etc | Springer-Verlage, |
| Date of publication, distribution, etc | 2016. |
| 300 ## - PHYSICAL DESCRIPTION | |
| Extent | xiii, 612 p. : |
| Other physical details | ill. ; |
| Dimensions | 24 cm. |
| 490 #0 - Series Statement | |
| Series statement | Springer texts in business and economics |
| 500 ## - GENERAL NOTE | |
| General note | Index : p. 587-612. |
| 504 ## - BIBLIOGRAPHY, ETC. NOTE | |
| Bibliography, etc | Bibliography : p. 551-580. |
| 505 ## - FORMATTED CONTENTS NOTE | |
| Formatted contents note | Playing, Voting, and Dividing.- pt. I. Playing Successfully: Noncooperative Game Theory -- Cooperative Game Theory -- pt. II. Voting and Judging: Preference Aggregation by Voting -- The Complexity of Manipulative Actions in Single-Peaked Societies -- Judgement Aggregation --pt. III. Fair Division: Cake-Cutting: Fair Division of Divisible Goods: Fair Division of Indivisible Goods. |
| 590 ## - LOCAL NOTE (RLIN) | |
| Local note | Wessam |
| 650 #7 - SUBJECT ADDED ENTRY--TOPICAL TERM | |
| Topical term or geographic name as entry element | Economics, Mathematical. |
| Source of heading or term | BUEsh |
| 9 (RLIN) | 1252 |
| 650 #7 - SUBJECT ADDED ENTRY--TOPICAL TERM | |
| Topical term or geographic name as entry element | Econometrics. |
| 9 (RLIN) | 3215 |
| 650 #7 - SUBJECT ADDED ENTRY--TOPICAL TERM | |
| Topical term or geographic name as entry element | Game theory. |
| Source of heading or term | BUEsh |
| 9 (RLIN) | 3340 |
| 651 ## - SUBJECT ADDED ENTRY--GEOGRAPHIC NAME | |
| Source of heading or term | BUEsh |
| 653 ## - INDEX TERM--UNCONTROLLED | |
| Resource For college | BAEPS, Economics |
| Arrived date list | October2016 |
| 653 ## - INDEX TERM--UNCONTROLLED | |
| Resource For college | BAEPS, Business Administration |
| Arrived date list | October2016 |
| 700 1# - ADDED ENTRY--PERSONAL NAME | |
| Personal name | Rothe, Jörg, |
| Relator term | editor. |
| 9 (RLIN) | 41603 |
| 700 1# - ADDED ENTRY--PERSONAL NAME | |
| Personal name | Rothe, Irene. |
| Relator term | illustrator. |
| 9 (RLIN) | 41604 |
| 856 ## - ELECTRONIC LOCATION AND ACCESS | |
| Host name | SpringerLink |
| Electronic format type | E-Book |
| Uniform Resource Identifier | <a href="http://link.springer.com/book/10.1007/978-3-662-47904-9">http://link.springer.com/book/10.1007/978-3-662-47904-9</a> |
| Link text | Full text available on campus |
| 856 ## - ELECTRONIC LOCATION AND ACCESS | |
| Host name | SpringerLink |
| Electronic format type | E-Book |
| Uniform Resource Identifier | <a href="http://41.33.243.106:2048/login?url=http://link.springer.com/book/10.1007/978-3-662-47904-9">http://41.33.243.106:2048/login?url=http://link.springer.com/book/10.1007/978-3-662-47904-9</a> |
| Link text | Full text available off campus |
| 942 ## - ADDED ENTRY ELEMENTS (KOHA) | |
| Source of classification or shelving scheme | Dewey Decimal Classification |
| Edition | 22 |
| Call number prefix | 330.0151 ECO |
| Withdrawn status | Item status | Source of classification or shelving scheme | Damaged status | Not for loan | Vendor | Home library | Current library | Shelving location | Date acquired | Source of acquisition | Cost, normal purchase price | Serial Enumeration / chronology | Total Checkouts | Full call number | Barcode | Date last seen | Date last borrowed | Cost, replacement price | Koha item type |
|---|---|---|---|---|---|---|---|---|---|---|---|---|---|---|---|---|---|---|---|
| Dewey Decimal Classification | Baccah | Central Library | Central Library | First floor | 24/10/2016 | Purchase | 1035.00 | 25846 | 1 | 330.0151 ECO | 000033962 | 15/07/2025 | 03/07/2019 | 1293.75 | Book - Borrowing |